[Event "COL-ch sf"]
[Site "Pereira"]
[Date "2024.03.31"]
[Round "10"]
[White "Puerta Rendon, Jacobo"]
[Black "Zapata Montoya, Andres Geronimo"]
[Result "0-1"]
[WhiteElo "1895"]
[BlackElo "2131"]
[PlyCount "78"]
[EventDate "2024.03.26"]
[EventType "swiss"]
[EventRounds "11"]
[EventCountry "COL"]
[SourceTitle "CB14_2024"]
[SourceDate "2024.04.01"]
[SourceVersion "1"]
[SourceVersionDate "2024.04.01"]
[SourceQuality "1"]

1. e4 c6 2. d4 d5 3. Nc3 dxe4 4. Nxe4 Nf6 5. Nxf6+ exf6 6. c3 Bd6 7. Bd3 0-0 8. Be3 Re8 9. Ne2 Nd7 10. Qc2 Nf8 11. 0-0-0 Be6 12. Kb1 b5 13. Nf4 Bxf4 14. Bxf4 Qd5 15. b3 a5 16. Be4 Qd7 17. h4 a4 18. Kb2 Ra6 19. f3 axb3 20. axb3 Qa7 21. Ra1 Ra8 22. Qb1 b4 23. Rxa6 bxc3+ 24. Kxc3 Qxa6 25. Rc1 f5 26. Bd3 Qa5+ 27. Kc2 Ng6 28. Bg3 Qb4 29. Qb2 Ne7 30. Be1 Qb6 31. Bc4 Nd5 32. Kb1 h6 33. Bd2 f4 34. Bxd5 cxd5 35. Rc5 Bf5+ 36. Kc1 Qa6 37. Kd1 Qf1+ 38. Be1 Qd3+ 39. Kc1 Re8 0-1

[Event "COL-ch sf"]
[Site "Pereira"]
[Date "2024.03.27"]
[Round "3"]
[White "Zapata Montoya, Andres Geronimo"]
[Black "Borre Meza, Orlando David"]
[Result "1-0"]
[WhiteElo "2131"]
[BlackElo "1886"]
[PlyCount "33"]
[EventDate "2024.03.26"]
[EventType "swiss"]
[EventRounds "11"]
[EventCountry "COL"]
[SourceTitle "CB14_2024"]
[SourceDate "2024.04.01"]
[SourceVersion "1"]
[SourceVersionDate "2024.04.01"]
[SourceQuality "1"]

1. e4 d5 2. exd5 Nf6 3. Nf3 Qxd5 4. Nc3 Qa5 5. d4 Bg4 6. h3 Bh5 7. g4 Bg6 8. Bg2 Nbd7 9. 0-0 0-0-0 10. Bd2 c6 11. b4 Qc7 12. b5 c5 13. b6 Nxb6 14. Nb5 Qd7 15. Nxa7+ Kb8 16. Ne5 Qa4 17. Nac6+ 1-0

[Event "COL-ch Students"]
[Site "Santa Fe"]
[Date "2023.09.25"]
[Round "5"]
[White "Valderrama Quiceno, Esteban Alberto"]
[Black "Zapata Montoya, Andres Geronimo"]
[Result "1/2-1/2"]
[WhiteElo "2424"]
[BlackElo "2092"]
[PlyCount "27"]
[EventDate "2023.09.23"]
[EventType "swiss"]
[EventRounds "6"]
[EventCountry "COL"]
[SourceTitle "EXT 2024"]
[Source "ChessBase"]
[SourceDate "2023.10.10"]
[SourceVersion "1"]
[SourceVersionDate "2023.10.10"]
[SourceQuality "1"]

1. c4 e5 2. Nc3 Bb4 3. Qb3 Bxc3 4. Qxc3 Nc6 5. Nf3 d6 6. g3 Be6 7. d4 exd4 8. Nxd4 Nxd4 9. Qxd4 Qf6 10. Qd3 Ne7 11. Bg2 Nc6 12. 0-0 0-0 13. Rd1 Rae8 14. h3 1/2-1/2

[Event "COL-ch Students"]
[Site "Santa Fe"]
[Date "2023.09.24"]
[Round "3"]
[White "Toro Castaneda, Miguel Angel"]
[Black "Zapata Montoya, Andres Geronimo"]
[Result "1/2-1/2"]
[WhiteElo "2060"]
[BlackElo "2092"]
[PlyCount "62"]
[EventDate "2023.09.23"]
[EventType "swiss"]
[EventRounds "6"]
[EventCountry "COL"]
[SourceTitle "EXT 2024"]
[Source "ChessBase"]
[SourceDate "2023.10.10"]
[SourceVersion "1"]
[SourceVersionDate "2023.10.10"]
[SourceQuality "1"]

1. e4 c6 2. d4 d5 3. e5 Bf5 4. Nd2 e6 5. Nb3 Nd7 6. Nf3 Ne7 7. a4 Ng6 8. a5 Be7 9. Be2 f6 10. exf6 Bxf6 11. h4 Nxh4 12. Nxh4 Bxh4 13. Bh5+ g6 14. Bf3 e5 15. g4 Be4 16. Bxe4 dxe4 17. Be3 0-0 18. Qd2 exd4 19. Nxd4 Ne5 20. 0-0-0 Bf6 21. Qb4 Qe7 22. Qb3+ Kh8 23. Ne6 Rfe8 24. Nc5 Bg5 25. Nxe4 Bxe3+ 26. Qxe3 Qg7 27. Ng5 Nf7 28. Ne6 Qf6 29. Qh3 Ng5 30. Qe3 Nf7 31. Ng5 Qg7 1/2-1/2

[Event "Medellin Easter op 11th"]
[Site "Medellin"]
[Date "2023.04.07"]
[Round "4"]
[White "Zapata Montoya, Andres Geronimo"]
[Black "Gomez Rondon, Samuel"]
[Result "1-0"]
[WhiteElo "2053"]
[BlackElo "1797"]
[PlyCount "35"]
[EventDate "2023.04.05"]
[EventType "swiss"]
[EventRounds "7"]
[EventCountry "COL"]
[SourceTitle "CBM 213 Extra"]
[Source "ChessBase"]
[SourceDate "2023.05.31"]
[SourceVersion "1"]
[SourceVersionDate "2023.05.31"]
[SourceQuality "1"]

1. e4 c5 2. Nf3 Nc6 3. Bb5 g6 4. 0-0 Bg7 5. c3 d6 6. h3 Bd7 7. Re1 e6 8. d4 cxd4 9. cxd4 Nge7 10. Bf4 e5 11. dxe5 dxe5 12. Be3 0-0 13. Nc3 Rc8 14. Bxa7 b6 15. a4 h5 16. h4 Ra8 17. Bxb6 Qxb6 18. Qxd7 1-0

[Event "Medellin Easter op 11th"]
[Site "Medellin"]
[Date "2023.04.05"]
[Round "1"]
[White "Castro Lombana, Juan Pablo"]
[Black "Zapata Montoya, Andres Geronimo"]
[Result "1/2-1/2"]
[WhiteElo "1326"]
[BlackElo "2053"]
[PlyCount "97"]
[EventDate "2023.04.05"]
[EventType "swiss"]
[EventRounds "7"]
[EventCountry "COL"]
[SourceTitle "CBM 213 Extra"]
[Source "ChessBase"]
[SourceDate "2023.05.31"]
[SourceVersion "1"]
[SourceVersionDate "2023.05.31"]
[SourceQuality "1"]

1. e4 c5 2. Nc3 d6 3. Nf3 Nf6 4. d4 cxd4 5. Nxd4 a6 6. Be2 e5 7. Nb3 Be7 8. g4 Be6 9. g5 Nfd7 10. h4 Nc6 11. Be3 Rc8 12. Nd5 Bxd5 13. exd5 Na5 14. Nxa5 Qxa5+ 15. Qd2 Qa4 16. c4 Bd8 17. b4 a5 18. Rb1 axb4 19. Rxb4 Qa8 20. Rb5 0-0 21. 0-0 f5 22. f4 exf4 23. Bxf4 Bb6+ 24. Rxb6 Nxb6 25. Bxd6 Rfd8 26. Be7 Re8 27. d6 Qa3 28. Rf3 Qc5+ 29. Qe3 Nd7 30. Kg2 Qxe3 31. Rxe3 Rc6 32. Ra3 Rxd6 33. Bxd6 Rxe2+ 34. Kg3 Kf7 35. Ra7 Ke6 36. c5 Rb2 37. a4 Rb4 38. Ra8 Rg4+ 39. Kh3 Kd5 40. Rg8 g6 41. Rg7 Nxc5 42. Bxc5 Kxc5 43. Rxb7 Rxa4 44. Rxh7 Ra3+ 45. Kg2 Ra2+ 46. Kg3 Ra3+ 47. Kg2 Ra2+ 48. Kg3 Ra3+ 49. Kg2 1/2-1/2

[Event "Sabaneta op-A 1st"]
[Site "Sabaneta"]
[Date "2022.11.27"]
[Round "4"]
[White "Zuluaga Mancilla, Cesar"]
[Black "Zapata Montoya, Andres Geronimo"]
[Result "1/2-1/2"]
[WhiteElo "2230"]
[BlackElo "1972"]
[PlyCount "155"]
[EventDate "2022.11.25"]
[EventType "swiss"]
[EventRounds "10"]
[EventCountry "COL"]
[SourceTitle "CBM 211 Extra"]
[Source "ChessBase"]
[SourceDate "2023.01.31"]
[SourceVersion "1"]
[SourceVersionDate "2023.01.31"]
[SourceQuality "1"]

1. d4 Nf6 2. Nf3 g6 3. c4 Bg7 4. Nc3 0-0 5. g3 d6 6. Bg2 Nbd7 7. 0-0 c6 8. h3 e5 9. e4 Re8 10. Be3 Qc7 11. Qc2 a6 12. a4 exd4 13. Nxd4 c5 14. Nde2 Ne5 15. b3 Nc6 16. Rad1 Be6 17. f4 Rad8 18. Bf2 Nb4 19. Qb1 Bd7 20. Rd2 Bc6 21. Rfd1 Rd7 22. Kh2 Rde7 23. e5 dxe5 24. Bxc5 Bxg2 25. Bxb4 Bc6 26. Bd6 Qb6 27. c5 Qb4 28. fxe5 Rxe5 29. Bxe5 Rxe5 30. Rd8+ Bf8 31. Qd3 Rh5 32. Nf4 Qxc5 33. Qd4 Qxd4 34. R1xd4 Re5 35. b4 Kg7 36. Nd3 Re3 37. b5 axb5 38. axb5 Bf3 39. Kg1 Bc5 40. Nxc5 Rxc3 41. Rc8 Ne4 42. Rxe4 Rxc5 43. Rxc5 Bxe4 44. Kf2 h5 45. b6 Kf6 46. Ke3 Bg2 47. h4 Ke6 48. Rc7 Bd5 49. Kd4 Bg2 50. Rc2 Bf3 51. Rf2 Bh1 52. Kc5 Bc6 53. Kd4 Bh1 54. Rf1 Bg2 55. Re1+ Kd6 56. Rg1 Bd5 57. Rc1 Bc6 58. Rc5 Bg2 59. Rc8 Bf3 60. Rd8+ Ke7 61. Rh8 Kd6 62. Rh7 Bd5 63. Rh8 Be6 64. Ra8 Kc6 65. Ra5 Kxb6 66. Rc5 Ka6 67. Kc3 b6 68. Re5 Kb7 69. Kb4 Kc6 70. Re3 b5 71. Rd3 Bc4 72. Rd2 Be6 73. Rd4 Bc4 74. Rd1 Be6 75. Ra1 Bc4 76. Ra6+ Kd5 77. Rf6 Ke5 78. Kc5 1/2-1/2

[Event "COL-ch U26"]
[Site "Cali"]
[Date "2022.09.29"]
[Round "4"]
[White "Vargas Viscaino, Jesus Daniel"]
[Black "Zapata Montoya, Andres Geronimo"]
[Result "1/2-1/2"]
[WhiteElo "1961"]
[BlackElo "1972"]
[PlyCount "93"]
[EventDate "2022.09.28"]
[EventType "swiss"]
[EventRounds "6"]
[EventCountry "COL"]
[SourceTitle "CBM 210 Extra"]
[Source "ChessBase"]
[SourceDate "2022.11.30"]
[SourceVersion "1"]
[SourceVersionDate "2022.11.30"]
[SourceQuality "1"]

1. e4 c5 2. Nf3 d6 3. d4 cxd4 4. Qxd4 Nc6 5. Qe3 g6 6. h3 Bg7 7. Bc4 Nf6 8. Nc3 a6 9. 0-0 0-0 10. Rd1 Qc7 11. Qe2 b5 12. Bb3 Bb7 13. Bg5 Na5 14. Nd4 Nxb3 15. cxb3 Qc5 16. Be3 Qh5 17. Qxh5 Nxh5 18. g4 Nf6 19. f3 Nd7 20. Rac1 Rac8 21. Nd5 Bxd5 22. exd5 Bxd4 23. Bxd4 f6 24. Kf2 Kf7 25. Rc3 Nc5 26. Ke3 e5 27. Bxc5 Rxc5 28. Rxc5 dxc5 29. Rc1 Rc8 30. Ke4 Ke7 31. f4 exf4 32. Kxf4 Kd6 33. Re1 Kxd5 34. Re7 c4 35. Rd7+ Ke6 36. Rxh7 cxb3 37. axb3 Rc6 38. h4 Rd6 39. Ra7 Rd4+ 40. Kf3 Rb4 41. Rxa6+ Ke5 42. Ra3 f5 43. gxf5 Kxf5 44. Kg3 Rg4+ 45. Kh3 Re4 46. b4 Kf4 47. Rg3 1/2-1/2

[Event "Pereira Gildardo Garcia Memorial-B"]
[Site "Pereira"]
[Date "2022.05.18"]
[Round "1"]
[White "Zapata Montoya, Andres Geronimo"]
[Black "Gomez Diaz, Hector Javier"]
[Result "1-0"]
[WhiteElo "1953"]
[BlackElo "1540"]
[PlyCount "92"]
[EventDate "2022.05.18"]
[EventType "swiss"]
[EventRounds "9"]
[EventCountry "COL"]
[SourceTitle "CBM 208 Extra"]
[Source "ChessBase"]
[SourceDate "2022.07.31"]
[SourceVersion "1"]
[SourceVersionDate "2022.07.31"]
[SourceQuality "1"]

1. e4 c5 2. d4 cxd4 3. Nf3 e6 4. Nxd4 a6 5. Nc3 Nc6 6. Be3 Nf6 7. Nxc6 bxc6 8. a3 Bb7 9. f4 d6 10. Be2 Be7 11. g4 c5 12. Bf3 Qc7 13. g5 Nd7 14. Qe2 Nb6 15. Rd1 Rd8 16. Qg2 Nc4 17. Bc1 Na5 18. f5 exf5 19. exf5 Bxf3 20. Qxf3 Qb7 21. Nd5 f6 22. gxf6 Bxf6 23. Qh5+ Kd7 24. Nxf6+ gxf6 25. Qf7+ Kc8 26. Qxb7+ Kxb7 27. Rg1 Rhe8+ 28. Kd2 Rd7 29. b3 Nc6 30. Bb2 Ne5 31. Rdf1 Ree7 32. h4 Rg7 33. Bxe5 dxe5+ 34. Ke3 Kc6 35. h5 a5 36. h6 Rgf7 37. Rg8 Ra7 38. a4 Rac7 39. Rfg1 Rcd7 40. R1g7 Rc7 41. Ke4 Kb6 42. Rxf7 Rxf7 43. Rg7 Rc7 44. Kd5 Kb7 45. Rxc7+ Kxc7 46. Kxc5 Kb7 1-0

[Event "Feria de las Flores 28th"]
[Site "Medellin"]
[Date "2021.08.06"]
[Round "5"]
[White "Sanchez Alvares, Kelvin Antonio"]
[Black "Zapata Montoya, Andres Geronimo"]
[Result "1-0"]
[WhiteElo "2250"]
[BlackElo "2071"]
[PlyCount "67"]
[EventDate "2021.08.04"]
[EventType "swiss"]
[EventRounds "9"]
[EventCountry "COL"]
[SourceTitle "EXT 2022"]
[Source "ChessBase"]
[SourceDate "2021.10.06"]
[SourceVersion "1"]
[SourceVersionDate "2021.10.06"]
[SourceQuality "1"]

1. d4 Nf6 2. c4 g6 3. Nc3 Bg7 4. e4 d6 5. Nf3 0-0 6. Be2 e5 7. 0-0 Nc6 8. d5 Ne7 9. Ne1 Ne8 10. Nd3 f5 11. f3 f4 12. c5 g5 13. cxd6 cxd6 14. Bd2 h5 15. Nf2 Rf6 16. Rc1 Rg6 17. Nb5 a6 18. Nc7 Rb8 19. Nxe8 Qxe8 20. h3 Bf6 21. Qb3 g4 22. fxg4 Bh4 23. gxh5 Rg3 24. Rc3 Kh8 25. Rxg3 Bxg3 26. Nh1 Bh4 27. Qb6 Qa4 28. Bc3 Qxe4 29. Qxd6 Qe3+ 30. Kh2 Bg3+ 31. Nxg3 Qxg3+ 32. Kh1 Bxh3 33. Qxe5+ Kg8 34. Qxb8+ 1-0

[Event "Feria de las Flores 28th"]
[Site "Medellin"]
[Date "2021.08.06"]
[Round "4"]
[White "Zapata Montoya, Andres Geronimo"]
[Black "Mora Munoz, Alejandro"]
[Result "1-0"]
[WhiteElo "2071"]
[BlackElo "1761"]
[PlyCount "111"]
[EventDate "2021.08.04"]
[EventType "swiss"]
[EventRounds "9"]
[EventCountry "COL"]
[SourceTitle "EXT 2022"]
[Source "ChessBase"]
[SourceDate "2021.10.06"]
[SourceVersion "1"]
[SourceVersionDate "2021.10.06"]
[SourceQuality "1"]

1. e4 c5 2. d4 cxd4 3. Nf3 d6 4. Nxd4 Nf6 5. Nc3 a6 6. f3 e6 7. Be3 Qc7 8. Qd2 Be7 9. Bd3 b5 10. g4 Bb7 11. g5 Nfd7 12. 0-0-0 Ne5 13. Qe2 b4 14. Nb1 Nbd7 15. Nd2 Nxd3+ 16. Qxd3 Ne5 17. Qe2 Rc8 18. Kb1 Nc4 19. Nxc4 Qxc4 20. Qxc4 Rxc4 21. h4 0-0 22. h5 Rfc8 23. Rh2 Bf8 24. g6 Be7 25. Rg2 Bf6 26. gxf7+ Kxf7 27. Nb3 Be7 28. Na5 R4c7 29. Bb6 Rd7 30. Bd4 Bf8 31. b3 d5 32. Nxb7 dxe4 33. Na5 e5 34. Nc4 Rxc4 35. bxc4 e3 36. Re2 Rxd4 37. Rde1 Rxc4 38. Rxe3 Rf4 39. Rxe5 Rxf3 40. Ra5 Rf6 41. Ree5 g6 42. Kc1 Bh6+ 43. Kd1 Rd6+ 44. Red5 Re6 45. Rd7+ Kf6 46. Rxh7 Bf8 47. hxg6 Kxg6 48. Ra7 Rd6+ 49. Kc1 Bh6+ 50. Kb2 Bg7+ 51. Kb3 Rd2 52. R5xa6+ Bf6 53. Rb7 Rf2 54. Rbb6 Rf3+ 55. Kxb4 Rf4+ 56. c4 1-0

[Event "Feria de las Flores 28th"]
[Site "Medellin"]
[Date "2021.08.05"]
[Round "2"]
[White "Zapata Montoya, Andres Geronimo"]
[Black "Palencia Morales, Wilson Guillermo"]
[Result "0-1"]
[WhiteElo "2071"]
[BlackElo "2362"]
[PlyCount "112"]
[EventDate "2021.08.04"]
[EventType "swiss"]
[EventRounds "9"]
[EventCountry "COL"]
[SourceTitle "EXT 2022"]
[Source "ChessBase"]
[SourceDate "2021.10.06"]
[SourceVersion "1"]
[SourceVersionDate "2021.10.06"]
[SourceQuality "1"]

1. e4 d6 2. Nf3 Nf6 3. Nc3 g6 4. d4 Bg7 5. h3 0-0 6. Be2 d5 7. e5 Ne4 8. 0-0 c5 9. dxc5 Nxc3 10. bxc3 Qa5 11. Qxd5 Nc6 12. Be3 Qxc3 13. Qb3 Qa5 14. Rad1 Qc7 15. Ng5 h6 16. Nf3 Be6 17. Qa4 Nxe5 18. Qh4 Bxa2 19. Bxh6 Nxf3+ 20. Bxf3 Bxh6 21. Qxh6 Rfd8 22. Ra1 Bd5 23. Be2 Qxc5 24. Ra4 Qxc2 25. Rh4 Qb2 26. Bd3 Qg7 27. Qg5 Qf6 28. Qh6 Qg7 29. Qg5 f6 30. Qg3 f5 31. Qg5 e6 32. Rh6 Kf7 33. Rc1 Bc6 34. Bc4 Rg8 35. Re1 Rae8 36. Qh4 Qf6 37. Qf4 Kg7 38. g4 e5 39. Qc1 fxg4 40. Bxg8 Qf3 41. Kf1 g3 42. Qd2 Bb5+ 43. Kg1 Qxf2+ 44. Qxf2 gxf2+ 45. Kxf2 Kxh6 46. Bd5 Re7 47. Rg1 Be8 48. Ke3 a5 49. h4 b5 50. Rf1 b4 51. Rf8 a4 52. Rh8+ Kg7 53. Rg8+ Kf6 54. Rf8+ Bf7 55. Bxf7 Rxf7 56. Ra8 a3 0-1

[Event "Feria de las Flores 28th"]
[Site "Medellin"]
[Date "2021.08.04"]
[Round "1"]
[White "Ortiz Monsalve, Sebastian"]
[Black "Zapata Montoya, Andres Geronimo"]
[Result "0-1"]
[WhiteElo "1459"]
[BlackElo "2071"]
[PlyCount "72"]
[EventDate "2021.08.04"]
[EventType "swiss"]
[EventRounds "9"]
[EventCountry "COL"]
[SourceTitle "EXT 2022"]
[Source "ChessBase"]
[SourceDate "2021.10.06"]
[SourceVersion "1"]
[SourceVersionDate "2021.10.06"]
[SourceQuality "1"]

1. e4 e5 2. Nf3 Nc6 3. Bb5 a6 4. Ba4 Nf6 5. 0-0 b5 6. Bb3 Be7 7. Re1 0-0 8. c3 d6 9. h3 Na5 10. Bc2 c5 11. d4 Nc6 12. d5 Nb8 13. Nbd2 Nbd7 14. b3 Re8 15. Nf1 Nf8 16. N3h2 Ng6 17. Ng3 Bd7 18. Be3 Qc8 19. Nf5 Bf8 20. Ng4 Nxe4 21. Nfh6+ gxh6 22. Bxe4 Bxg4 23. hxg4 Bg7 24. Bf5 Qd8 25. g3 Ne7 26. Be4 Qd7 27. Kg2 f5 28. gxf5 Nxf5 29. Qd3 Rf8 30. g4 Nxe3+ 31. Rxe3 Bf6 32. Bf5 Qg7 33. Be6+ Kh8 34. Rh1 Bg5 35. Reh3 Rf4 36. Rf3 e4 0-1